00470nam a2200193 a 4500001001300000003000900013005001700022008004100039020001200080082001600092100001800108245002900126260003800155300000900193500003500202505001000237650001100247700001800258nice12345678IN_TiNIC20260116013127.0050524s1989 itha grp 000 0 eng  ac787.500a297.92bAMA aAmanat, Abbas aResurrection and Renewal aIthacabCornell University c1989 a461p aincludes index and biblioraphy2 aIndex aBabism1 aAmanat, Abbas